| 000 | 00626nam a22001697a 4500 | ||
|---|---|---|---|
| 005 | 20120425124414.0 | ||
| 020 |
_a0070620482 _c00.00 |
||
| 035 | _aB-225294 | ||
| 037 |
_aDPL _bENG |
||
| 100 |
_aJain, D.R. _945733 |
||
| 245 |
_aBusiness statistics : _bStatistics methods / _cby D.R. Jain and Bharat Jhunjhunwala |
||
| 260 |
_aNew Delhi _bTata McGraw-Hill Publishing _c2007 |
||
| 300 |
_avarious pages _c26 cms. |
||
| 700 |
_aJhunjhunwala, Bharat _945734 |
||
| 942 |
_2ddc _cEN _h310 _mJAI |
||
| 999 |
_c65618 _d65618 |
||